Rozdeľovacie transakcie v systéme ESA 95 a ich vykazovanie bakalárska práca

Salvato in:
Dettagli Bibliografici
Autore principale: Zákutný, Marek
Ente Autore: Národohospodárska fakulta EU. Katedra financií
Altri autori: Baláži, Peter
Natura: Libro
Lingua:slovacco
Pubblicazione: Bratislava 2015
Tags: Aggiungi Tag
Nessun Tag, puoi essere il primo ad aggiungerne!!

MARC

LEADER 00000nbm a2200000 4500
001 0204915
005 20161212094810.6
041 0 |a slo 
044 |a SK 
245 1 0 |a Rozdeľovacie transakcie v systéme ESA 95 a ich vykazovanie  |b bakalárska práca  |c Marek Zákutný ; školiteľ: Peter Baláži 
264 1 |a Bratislava  |c 2015 
300 |a 42 s. 
100 1 |a Zákutný, Marek 
700 1 |a Baláži, Peter 
710 2 |a Národohospodárska fakulta EU. Katedra financií